<?xml version="1.0" encoding="UTF-8"?>
<record
    xmlns:xsi="http://www.w3.org/2001/XMLSchema-instance"
    xsi:schemaLocation="http://www.loc.gov/MARC21/slim http://www.loc.gov/standards/marcxml/schema/MARC21slim.xsd"
    xmlns="http://www.loc.gov/MARC21/slim">

  <leader>02596nam  2200193   4500</leader>
  <controlfield tag="001">5674</controlfield>
  <datafield tag="010" ind1=" " ind2=" ">
    <subfield code="a">978-0-367-47308-2</subfield>
  </datafield>
  <datafield tag="090" ind1=" " ind2=" ">
    <subfield code="a">5674</subfield>
  </datafield>
  <datafield tag="100" ind1=" " ind2=" ">
    <subfield code="a">20190729k        u||y0frey50      ba</subfield>
  </datafield>
  <datafield tag="101" ind1=" " ind2=" ">
    <subfield code="a">eng</subfield>
  </datafield>
  <datafield tag="200" ind1=" " ind2=" ">
    <subfield code="a">Public history</subfield>
    <subfield code="b">Brochure</subfield>
    <subfield code="e">a textbook of practice</subfield>
    <subfield code="f">Thomas Cauvin</subfield>
  </datafield>
  <datafield tag="205" ind1=" " ind2=" ">
    <subfield code="a">Second ed.</subfield>
  </datafield>
  <datafield tag="210" ind1=" " ind2=" ">
    <subfield code="a">New York</subfield>
    <subfield code="a">London</subfield>
    <subfield code="d">2022</subfield>
  </datafield>
  <datafield tag="215" ind1=" " ind2=" ">
    <subfield code="a">288 p.</subfield>
    <subfield code="c">ill.</subfield>
    <subfield code="d">25 cm</subfield>
  </datafield>
  <datafield tag="300" ind1=" " ind2=" ">
    <subfield code="a">Bibliogr. Index</subfield>
  </datafield>
  <datafield tag="330" ind1=" " ind2=" ">
    <subfield code="a">The second edition of Public History: A Textbook of Practice offers an updated guide to the many opportunities and challenges that public history practitioners can encounter in the field.Historians can play a dynamic and essential role in contributing to public understanding of the past, and those who work in historic preservation, in museums and archives, in government agencies, as consultants, as oral historians, or who manage crowdsourcing projects need very specific skills. This book links theory and practice and provides students and practitioners with the tools to do public history in a wide range of settings. This new edition reflects how much the field of public history has changed in the past few years, with public history now being more established and international. New chapters have therefore been added on the definition, history, and international scope of public history, as well as on specific practices and theories such as historical fictions, digital public history, and shared authority.Split into four sections, this textbook provides approaches, methodologies, and tools for historians and other public history practitioners to play a bigger role in public debates and public productions of historical interpretations:Part I focuses on the past, present, and future of public history. Part II explores public history sources, and offers an overview of the creation, collection, management, and preservation of materials (archives, material culture, oral history, or historical sites).Part III deals with the different ways in which public history practitioners can produce historical narratives through different media (including texts, fictions, audio-visual productions, exhibitions, and performances).Part IV discusses the opportunities and challenges that public history practitioners encounter when working with different collaborators. Whether in public history methods courses or as a resource for practicing public historians, this book lays the groundwork for making meaningful connections between historical sources and popular audiences. [4e de couv.]</subfield>
  </datafield>
  <datafield tag="606" ind1=" " ind2=" ">
    <subfield code="9">869</subfield>
    <subfield code="a">Histoire</subfield>
  </datafield>
  <datafield tag="700" ind1=" " ind2=" ">
    <subfield code="9">6381</subfield>
    <subfield code="a">Cauvin</subfield>
    <subfield code="b">Thomas</subfield>
  </datafield>
  <datafield tag="801" ind1=" " ind2=" ">
    <subfield code="a">CH</subfield>
    <subfield code="b">CH-002049-8</subfield>
  </datafield>
  <datafield tag="995" ind1=" " ind2=" ">
    <subfield code="1">0</subfield>
    <subfield code="2">0</subfield>
    <subfield code="3">0</subfield>
    <subfield code="5">2025-11-13</subfield>
    <subfield code="9">6538</subfield>
    <subfield code="b">ARCHIC</subfield>
    <subfield code="c">ARCHIC</subfield>
    <subfield code="e">R&#xE9;f&#xE9;rences</subfield>
    <subfield code="f">7435</subfield>
    <subfield code="h">Achat</subfield>
    <subfield code="k">R 1549</subfield>
    <subfield code="o">1</subfield>
  </datafield>
</record>
